000 01382nam a2200313 i 4500
001 768714001
003 CO-MdFUSB
005 20220401114444.0
007 ta
008 200303t2006 -us |||| |||| 00| 0 eng d
020 _a9780802864901
040 _aCO-MdFUSB
_bspa
_cCO-MdFUSB
_dCO-MdFUSBC
_erda
041 _aeng
082 _223
_a220.071
_bP484
100 _aPeterson, Eugene H.
_eautor
245 _aEat this book :
_ba conversation in the art of spiritual reading
_c/ Eugene H Peterson
264 1 _aEstados Unidos :
_bWm. B. Eerdmans Publishing Company,
_c[2006]
264 4 _c© 2006
300 _a185 páginas
_c; 23 cm
336 _2rdacontent
_atexto
_btxt
337 _2rdamedia
_asin mediación
_bn
338 _2rdacarrier
_avolumen
_bnc
505 _a"La disciplina prohibitiva de la lectura espiritual" -- Come este libro. -- La comunidad santa en la mesa con la Sagrada Escritura. -- Escritura como texto: aprender lo que Dios revela. -- Escritura como forma: siguiendo el camino de Jesús. -- Escritura como guión: jugando nuestro papel en el Espíritu. -- Lección divina. -- Lector de advertencia. -- "Orejas que cavaste para mí" -- La compañía de traductores. -- Secretarios de Dios; El mensaje.
563 _aRústico
650 7 _9404
_aBiblia
_xCrítica, interpretación, etc.
942 _cBK
945 _aJTF-925
999 _c65420
_d65420